=LDR 00000nam 2200000 4500 =001 INLIS000000000038169 =005 20130612143842 =008 ***********************************ind** =035 ##$$a0010-061300000038169 =041 ##$$a ind =082 ##$$a 6x6.42 =100 ##$$a sitoresmi, ajeng galih =245 ##$$a sehari mahir merajut =260 ##$$a galangpress $b yogyakarta =300 ##$$a 44 hlm, ilus =850 ##$$a NBPNMAT =990 ##$$a 0001/BPAP-NTB/20142014